• 首页
  • 本馆介绍
  • 公告通知
  • 最新文献
  • 馆藏检索
  • 电子资源
  • 读者导购
  • 参考咨询
  • 我的图书馆
  • 登录
  • 详细信息显示
  • 放入我的书架
  • 预约/预借图书
  • 作者相关作品
  • 分类相关作品
  • 丛书相关作品
  • 出版社相关作品

书目信息

  • 表格格式
  • 工作单格式
  • 卡片格式
书名: Alternatives
作者: Helen P. Rogers.
分册号:
分册名:
出版地: Carmel, CA :
 
出版社: Wellington Publications
出版时间: c1992.
页数: 581 p. ;
开本: 23 cm.
丛书名:
中图分类号:
科图分类号:
其他分类号: D772.2
主题词:
电子资源:
000 00943nam a2200301 a 450
001 E0753566385
005 20070323151513.23
008 931101s1992 cau 000 0 eng d
010    @a97162445
020    @a091591526X (pbk.) :@cUSD19.95.
035    @A(DLC) 97162445
035    @a(OCoLC)29229157
040    @aODaSC@cODaSC@dMBE@dDLC
042    @alccopycat
043    @an-us---
050 04 @aE881@b.R64 1992
090    @aD772.2
099    @dD772.2@ex35
100 1  @aRogers, Helen P.
245 10 @aAlternatives / @cHelen P. Rogers.
250    @a1st ed.
260    @aCarmel, CA :@bWellington Publications,@cc1992.
300    @a581 p. ;@c23 cm.
651  0 @aUnited States@xSocial policy@y1980-1993.
651  0 @aUnited States@xPolitics and government@y1989-1993.
651  0 @aUnited States@xEconomic policy@y1981-1993.
651  0 @aUnited States@xEconomic conditions@y1981-
651  0 @aUnited States@xSocial conditions@y1980-
    
    Alternatives / / Helen P. Rogers.-1st ed.-Carmel, CA : : Wellington Publications, , c1992.
    581 p. ; ; 23 cm.
    
    
    ISBN 091591526X (pbk.) :USD19.95.
    
●
相关链接 在E读中查询图书 在五车中查询图书 在当当中查询图书 在豆瓣中查询图书


正题名:Alternatives     索取号:D772.2/x35         预约/预借

序号 登录号 条形码 馆藏地/架位号 状态 备注
1 0003564   300035646   第二样本阅览室/ [索取号:D772.2/x35] 在馆    
2 0003565   300035655   第四借阅区/ [索取号:D772.2/x35] 在馆    
3 0003566   300035664   第四借阅区/ [索取号:D772.2/x35] 在馆    
唐山师范学院图书馆 欢迎您!
大连网信软件有限公司© 版权所有